000 00406cam a2200169 4500
001 M832
008 090401t1944 xxu||||| |||| 00| 0 eng d
035 _a(Sirsi) u5718
041 _aeng
110 _aUnited Kingdom
_kLaws, etc
_95044
245 _aTown and Country Planning Act, 1944.
260 _aLondon
_bHMSO
_c1944
300 _aiv,99p. ; 25cm.
350 _a0
942 _n0
948 _c04/03/1997
999 _c86204
_d86204